000 01161nam a2200217Ia 4500
003 Ost
005 20260507075129.0
008 260507s9999||||xx |||||||||||||| ||und||
040 _cfsecg
041 _aara
082 _a330
100 _aالدهراوي، كمال الدين
_eمؤلف
245 0 _aالمحاسبة في شركات الأموال وفقا للمعايير المحاسبية المصرية والدولية /
_c كمال الدين الدهراوي
260 _aالإسكندرية:
_bدار الجامعة الجديدة,
_c2003
300 _a399 صفحة؛
_bإيضاحات ؛
_c25 سم
520 _aالتعريف بشركات الأموال- المحاسبة عن عمليات راس المال في الشركات المساهمة- توزيع الارباح- الإلتزمات طويلة الاجل- عائد السهم المحاسبي- القوائم المالية في الشركات المساهمة- تصفية الشركة المساهمة.
653 _aالمحاسبة
653 _aشركات الأموال
700 _aهلال، عبد الله عبد العظيم
_eمؤلف ثانوي
942 _cكتاب
999 _c43188
_d43188